00461nam a2200121Ia 4500008004100000082002200041100001800063245006300081260006300144365000600207630006300213730006300276100415s9999 xx 000 0 und d b21961a598.295482 aBaruah, A. D. aPoint Calimere Wildlife and Bird Sanctuary : a ramsar site aTAMIL NADUc2005bTamil Nadu Forest Department Publication b0 aPoint Calimere Wildlife and Bird Sanctuary : a ramsar site aPoint Calimere Wildlife and Bird Sanctuary : a ramsar site